000 00336 a2200157 4500
001 57057
020 _a9788526013858
040 _cAnchieta - Pituba
100 _aMachado, Ana Maria
240 1 0 _aAmigo é comigo
_lpor
245 1 0 _aAmigo é comigo
300 _a134
362 0 _a2009
650 4 _aLiteratura juvenil
942 _cBK
999 _c57057
_d57057